LDR 00745naa#a2200157#i#450# 001 RU\\bibl\123120 005 20260513082104.3 011 ## _a2409-1073 100 ## _a20231220b2023####ek#y0rusy0150####ca 101 0# _aRUS 102 ## _aRU 200 1# _a2023 Year-End Index _eЖурнальная статья 210 1# _aМосква _cФедеральное государственное автономное образовательное учреждение высшего образования Национальный исследовательский университет "Московский институт электронной техники" _d2023 215 ## _a0 с. 608 ## _aЖурнальная статья _2local 856 4# _aesgi-journal.ru _u